Sendikal haklarda uluslararası hukuka ve Avrupa birliğine uyum sorunu (Record no. 10430)

MARC details
000 -BAŞLIK
Sabit Uzunlukta Kontrol Alanı 00765na a2200253 4500
001 - KONTROL NUMARASI
Denetim Alanı 23630
003 - KONTROL NUMARASI IDENTIFIER
Denetim Alanı MIRAKIL
005 - SON İŞLEM TARİHİ VE ZAMANI
Denetim Alanı 20181213155321.0
008 - SABİT-BOY VERİ ELEMANLARI - GENEL BİLGİLER
Sabit Uzunlukta Kontrol Alanı 180108b tu 000 0
020 ## - ULUSLARARASI STANDART KİTAP NUMARASI
Uluslararası Standart Kitap Numarası 9756024003
040 ## - KATALOGLAMA KAYNAK
Orijinal Kataloglama Ajansı Milas
Kataloglama Dili tur
Metne Dönüştürmek Ajansı TR-AnCHP
041 ## - DİL KODU
Metin / Ses Parça Veya Ayrı Başlığın Dil Kodu tur
082 ## - DEWEY ONLU SINIFLANDIRMA NUMARASI
Sınıflandırma Numarası 341.242
Ürün Numarası G94s 2005
090 ## - SINIFLAMA NUMARASI
Sınıflama Numarası 341.242 G94s 2005
100 ## - ANA GİRİŞ - KİŞİSEL İSİM
Kişisel Ad Gülmez, Mesut
245 ## - BAŞLIK TABLOSU
Başlık Sendikal haklarda uluslararası hukuka ve Avrupa birliğine uyum sorunu
Sorumluluk Tablosu, Vb Mesut Gülmez
260 ## - YAYIN, DAĞITIM, VB
Yayın, Dağıtım, Vb Yeri Ankara
Yayıncı, Dağıtıcı, Vs Adı Belediye-İş Yayınları
Yayın, Dağıtım, Vb Tarihi 2005
Üretici Firma Fabrika basım
300 ## - FİZİKSEL TANIM
Kapsam 342 s.
Boyutlar 24 sm.
440 ## - SERİSİ TABLOSU / KATMA GİRİŞİ - BAŞLIK
Başlık AB'ye sosyal uyum dizisi
504 ## - KAYNAKÇA VB NOT
Kaynakça Vb Notu Kaynakça var.
650 ## - KONU KATMA GİRİŞ - TOPİKAL DÖNEM
Topikal Süreli Veya Coğrafi Ad Giriş Elemanı Sendikalar
Genel Alt Bölümü Avrupa Birliği
-- uyum
650 ## - KONU KATMA GİRİŞ - TOPİKAL DÖNEM
Topikal Süreli Veya Coğrafi Ad Giriş Elemanı Sendikalar
Genel Alt Bölümü Uluslararası ilişkiler
942 ## - EKLENDİ GİRİŞ ELEMANLARI (KOHA)
Sınıflandırma Veya Raf Düzeni Kaynak
Koha Öğesi Türü Books
999 ## - SİSTEM KONTROL NUMARALARI (KOHA)
Koha Biblionumber 10430
Koha Biblioitemnumber 10430
Holdings
Kalıcı Konum Mevcut Konum Edinme Tarihi Edinim Kaynak Toplam Check-Out'Lar Tam Çağrı Numarası Barkod Tarih Son Görülme İtibaren Geçerli Fiyatlar Koha Öğesi Türü
CHP Kütüphanesi CHP Kütüphanesi 11/14/2017 Bağış   341.242 G94s 2005 017617 11/14/2017 11/14/2017 Books